NHL Team Goalie Wins Leaders - Statistics

General Stats
  • This quiz has been taken 31 times
    3 since last reset
  • The average score is 26 of 32
Answer Stats
Team Wins Years Answer % Correct
Tampa Bay Lightning 331 2015-Present Andrei Vasilevskiy
100%
Montreal Canadiens 361 2008-2022 Carey Price
100%
Winnipeg Jets 322 2016-Present Connor Hellebuyck
100%
Edmonton Oilers 226 1982-1991 Grant Fuhr
100%
New York Rangers 459 2006-2020 Henrik Lundqvist
100%
Anaheim Ducks 206 2001-2010 Jean-Sebastien Giguere
100%
Los Angeles Kings 370 2008-2023 Jonathan Quick
100%
St. Louis Blues 173 2016-Present Jordan Binnington
100%
Pittsburgh Penguins 375 2004-2017 Marc-Andre Fleury
100%
Vegas Golden Knights 117 2018-2021 Marc-Andre Fleury
100%
New Jersey Devils 688 1992-2014 Martin Brodeur
100%
Calgary Flames 305 2004-2013 Miikka Kiprusoff
100%
Minnesota Wild 194 2007-2016 Niklas Backstrom
100%
Colorado Avalanche 262 1996-2003 Patrick Roy
100%
Nashville Predators 369 2006-2021 Pekka Rinne
100%
Seattle Kraken 57 2022-Present Phillip Grubauer
100%
Florida Panthers 230 2001-2006, 2014-2019 Roberto Luongo
100%
Vancouver Canucks 252 2007-2014 Roberto Luongo
100%
Buffalo Sabres 284 2003-2014 Ryan Miller
100%
Columbus Blue Jackets 213 2013-2019 Sergei Bobrovsky
100%
Chicago Blackhawks 418 1970-1984 Tony Esposito
100%
Boston Bruins 308 2008-2022 Tuukka Rask
100%
New York Islanders 304 1973-1989 Billy Smith
50%
Carolina Hurricanes 318 2006-2018 Cam Ward
50%
Ottawa Senators 202 2011-2020 Craig Anderson
50%
San Jose Sharks 293 2000-2010 Evgeni Nabokov
50%
Washington Capitals 301 1990-2008 Olaf Kolzig
50%
Philadelphia Flyers 240 1987-1992, 1995-1999 Ron Hextall
50%
Detroit Red Wings 350 1950-1955, 1958-1964, 1969 Terry Sawchuk
50%
Utah Mammoth 26 2024-Present Karel Vejmelka
0%
Dallas Stars 262 2001-2010 Marty Turco
0%
Toronto Maple Leafs 304 1937-1952 Turk Broda
0%
No matching quizzes found
Score Distribution
Percent of People with Each Score
Percentile by Number Answered
Your Score History
You have not taken this quiz since the last reset